[Event "POL-chT 2nd League"]
[Site "Mrzezyno"]
[Date "2011.09.05"]
[Round "3.82"]
[White "Kubien, Jerzy"]
[Black "Walczak, Konrad"]
[Result "1-0"]
[WhiteElo "2237"]
[BlackElo "1758"]
[PlyCount "85"]
[EventDate "2011.09.03"]
[EventType "team-swiss"]
[EventRounds "9"]
[EventCountry "POL"]
[SourceTitle "EXT 2019"]
[Source "ChessBase"]
[SourceDate "2018.10.10"]
[SourceVersion "1"]
[SourceVersionDate "2018.10.10"]
[SourceQuality "1"]
[WhiteTeam "Wisznia Mala OKSiR"]
[BlackTeam "Przemysl MKS Polonia"]
[WhiteTeamCountry "POL"]
[BlackTeamCountry "POL"]

1. Nf3 d5 2. d4 Bg4 3. c3 Bxf3 4. exf3 c6 5. Bd3 g6 6. 0-0 Bg7 7. Bf4 Nf6 8. Nd2 0-0 9. Re1 Re8 10. h3 Nbd7 11. a4 Kh8 12. a5 Ng8 13. Nb3 e5 14. dxe5 Bxe5 15. Be3 Qf6 16. Qd2 b5 17. f4 d4 18. Nxd4 Bc7 19. Nf3 Qd6 20. Qc2 Ngf6 21. Rad1 Qf8 22. b4 a6 23. g3 Kg8 24. Bf1 Rac8 25. Bg2 Nb8 26. Bd4 Rxe1+ 27. Nxe1 Nh5 28. Nd3 Ng7 29. Nc5 Nf5 30. Bf6 Bd8 31. Be5 Bc7 32. Qd3 Rd8 33. Bxc7 Rxd3 34. Rxd3 Kg7 35. Rd8 Qe7 36. Be5+ Kh6 37. Rxb8 f6 38. Rb7 Qf8 39. g4 g5 40. fxg5+ fxg5 41. gxf5 Qg8 42. Bg7+ Kh5 43. Bf3+ 1-0